| 000 | 00451nam a2200181 a 4500 | ||
|---|---|---|---|
| 001 | 13463 | ||
| 005 | 20180713201836.0 | ||
| 008 | 140415s1981 000 0 eng d | ||
| 041 | _aeng | ||
| 082 |
_a808.833 _bGRE |
||
| 100 | 1 | _aHUGO, VICTOR | |
| 245 | 1 | 4 | _aTHE HUNCHBACK OF NOTRE DAME |
| 250 | _a1a ed. | ||
| 260 |
_a[s.l.] : _bBANTAM, _c1981 |
||
| 300 | _a356 | ||
| 490 | _aTHE GREATEST HISTORICAL NOVELS | ||
| 650 | 1 | 4 | _aNOVELA |
| 999 |
_c13463 _d13463 |
||